| 000 | 00880nam a22002177a 4500 | ||
|---|---|---|---|
| 999 |
_c1433 _d1433 |
||
| 005 | 20251125232737.0 | ||
| 008 | s2525 th tha d | ||
| 040 | _aNALT | ||
| 041 | _atha | ||
| 050 | _aDS570.4 ก1ด6 | ||
| 245 | 1 | 0 | _aพระสนมเอก |
| 260 | 3 |
_bรวมสาส์น, _c2525 |
|
| 300 |
_a135 หน้า : _b ภาพประกอบ |
||
| 650 | 0 | 4 | _aจุลจอมเกล้าเจ้าอยู่หัว, พระบาทสมเด็จพระ, 2396--2453 |
| 650 | 0 | 4 | _aทับทิม, เจ้าจอมมารดา, 2400--2481 |
| 650 | 0 | 4 | _aประยูรวงศ์, เจ้าคุณพระ, 2397--2486 |
| 650 | 0 | 4 | _aเที่ยง, เจ้าจอมมารดา, 2374--2456 |
| 850 | _aNALT | ||
| 856 | 4 | 0 |
_uhttps://hdl.handle.net/20.500.14156/361742 _71 |
| 942 |
_cGB _01 _2lcc |
||